000 00547nam a2200193Ia 4500
005 20250326141707.0
008 250326s9999 xx 000 0 und d
020 _a0-7450-0419-9
037 _aTextbook
040 _aFMSL
_beng
_cFMSL
041 _aeng
_2eng
084 _aX:5.7 M8
_qFMSL
100 _aBaldwin R E
_9317987
245 0 _aTrade policy in a changing world economy
_cBaldwin R E
260 _aNew York
_bNew York, Harvester Wheatsheaf
_c1988
300 _a284p
942 _cTB
_hX:5.7 M8
999 _c1291530
_d1291530